Word Ladder: Obscure November 1 Holiday Quiz Stats

 Plays Quiz Updated Nov 1, 2017

Challenge
Share
Tweet
Embed
Score 0/18 Timer 02:00
2 Plays Today
Hint 4-letter Word % Correct
Algebra or calculus, e.g.MATH
96.5%
Nighttime facial coveringMASK
96%
'____! the Herald Angels Sing'HARK
95.5%
Novelty Halloween hit 'Monster ___'MASH
95.4%
Drug from 'Breaking Bad'METH
95%
Actor Ruffalo who plays HulkMARK
94.1%
Letter between alpha and gammaBETA
91.9%
Collection of livestockHERD
91.4%
Maggie's sister on 'The Walking Dead'BETH
90.5%
Hint 4-letter Word % Correct
High on the Mohs scaleHARD
87.3%
ProtagonistHERO
83.6%
NothingZERO
83%
Irish city and countyCORK
75%
November 1: Go ___ for Your [LAST RUNG] Day
or Kitchen occupant
👨‍🍳 COOK 👩‍🍳
71.5%
November 1: Go [FIRST RUNG] for Your ___ Day
or Domestic animals
🐶 PETS 🐱
69.2%
Metric prefix for one-quadrillionPETA
64.6%
1982 best-selling text adventure gameZORK
42.2%
Grease fitting found on a wheelZERK
41.4%

Today's Daily Dose

Missing Word
Biopics

Word Ladder
Food Idioms

Quick Pick
Diets

On This Day
December 18th II

You're not logged in!

Compare scores with friends on all Sporcle quizzes.
OR
Log In

You Might Also Like...

Show Comments

Extras

Top Quizzes Today


Score Distribution

Your Account Isn't Verified!

In order to create a playlist on Sporcle, you need to verify the email address you used during registration. Go to your Sporcle Settings to finish the process.

Report this User

Report this user for behavior that violates our Community Guidelines.

Details: